| 000 | 00507nam a2200181 a 4500 | ||
|---|---|---|---|
| 001 | 4149 | ||
| 003 | CO-ViMGA | ||
| 008 | 141112s2004 ck r 000 u spa d | ||
| 040 |
_aCO-ViMGA _bspa _cCO-ViMGA |
||
| 082 | 0 | 4 | _a370 V196s |
| 100 | 1 |
_aVázquez Bronfmay, Ana _954604 |
|
| 245 | 1 | 0 |
_aLa socialización en la escuela : _buna perspectiva etno gráfica |
| 260 |
_aBarcelona : _bPaidos, _c1996 |
||
| 300 | _a200 p | ||
| 490 | _aPapeles pedagogicos, 26 | ||
| 650 | 1 | 4 | _aeducación - TEORIA |
| 942 |
_2ddc _cBK |
||
| 999 |
_c16165 _d16165 |
||